000 01171nam a22002657a 4500
003 OSt
005 20230123112111.0
007 cr ||||||a|c|a
008 221202s mx abd|fom||| 001 0 spa d
040 _erda
100 1 _9185623
_aToledo Ruiz, Karol Geraldine
245 1 3 _aLa cruzada nacional contra el Hambre, ¿política social compensatoria?, estudio de caso en la montaña de Guerrero, 2013-2016 /
_cpor Karol Geraldine Toledo Ruiz; director de tesis Julio Baca del Moral
264 1 _aChapingo, México :
_bEl autor,
_c2020.
300 _a1 recurso en línea (212 páginas).
336 _2rdacontent
_atexto
_btxt
337 _2rdamedia
_acomputadora
_bc
338 _2rdacarrier
_arecurso en línea
_bcr
502 _bMCDRR
_cCentros Regionales
_d2020.
_gMAE
504 _aIncluye referencias bibliográficas: páginas-190-196
650 4 _9131814
_aPolítica alimentaria
_zGuerrero
650 4 _9185836
_aSoberanía alimentaria
_zGuerrero
700 1 _99257
_aBaca del Moral, Julio
_eDirector de tesis
856 _uhttp://10.13.5.2/tesis/tm/2020_CR_Toledo_Ruiz_KarolGeraldine.pdf
_zDESCARGAR PDF
942 _2Clasificación Universidad Autónoma Chapingo
_cTD
999 _c217928
_d217928